Detalles MARC
| 000 -ENCABEZADO |
| Número de control [NR] |
02477nam a2200325Ia 4500 |
| 005 - FECHA Y HORA DE LA ÚLTIMA TRANSACCIÓN |
| control field |
20170719140444.0 |
| 008 - DE LONGITUD FIJA DE DATOS DE ELEMENTOS - INFORMACIÓN GENERAL |
| Elementos de longitud fija [NR] |
130821s1793 fr fr 1 pdlatsd |
| 040 ## - FUENTE DE CATALOGACION [NR] |
| Agencia de catalogación original [NR] |
Co-BoUCM |
| Idioma de catalogación [NR] |
spa |
| Quien Cataloga |
Sandra Yazo |
| Quien Clasifica |
Sandra Yazo |
| 041 0# - CODIGO DE IDIOMA [R] |
| Código de idioma para texto/pista de sonido o título separado [R] |
Latín |
| 082 04 - NUMERO DE CLASIFICACION DECIMAL DEWEY [R] |
| Número de clasificación [R] |
871.2 |
| Número de la edición [NR] |
20 |
| 092 ## - SIGNATURA TOPOGRAFICA LOCAL |
| Número de clasificación local |
E07N022 |
| 100 1# - ASIENTO PRINCIPAL--NOMBRE PERSONAL [NR] |
| Nombre personal [NR] |
Ovidio Nasón, Publio |
| ID Autoridad |
2514 |
| Fechas asociadas con el nombre [NR] |
43 a. c. - 17 d. c. |
| 242 00 - TRADUCCION DEL TITULO POR LA AGENCIA CATALOGADORA [R] |
| Título [NR] |
Obras de Publio Ovidio Nasón que han llegado hasta nosotros |
| Código de idioma del título traducido [NR] |
spa |
| 245 10 - MENCION DE TITULO [NR] |
| Título [NR] |
P. Ovidii Nasonis opera quae supersunt |
| 246 28 - FORMA VARIANTE DEL TITULO [R] |
| Título propiamente dicho/forma breve del título [NR] |
Ovidii Opera [Obras de Ovidio] |
| 260 ## - PUBLICACION, DISTRIBUCION, ETC. (PIE DE IMPRENTA) [R] |
| Lugar de publicación, distribución, etc. [R] |
Parisiis [París] (Francia) |
| Nombre del editor, distribuidor, etc. [R] |
Typis Fratrum Barbou [Imprenta de los Hermanos Barbou] |
| Fecha de publicación, distribución, etc. [R] |
1793 |
| 300 ## - DESCRIPCION FISICA [R] |
| Extensión [R] |
3 volúmenes (xii, 342 ; 382, [2] ; 408 páginas) |
| Dimensiones [R] |
16 x 9 cm. |
| 500 ## - NOTA GENERAL [R] |
| Nota general [NR] |
Detalles físicos: Encuadernación rígida (holandesa) en cartón forrado en papel, lomo en cuero con adornos en dorado. Lomo con raspaduras. Guardas. Anteportada. Portada impresa en una sola tinta con un grabado y un sello de tinta. Texto impreso en una columna con varios tipos y tamaños de letra. Cenefas y remates. Mayúsculas capitales. Versos numerados. Signaturas. Papel con manchas. V.1 con raspadura en tapa delantera, no conserva la anteportada. Índice en el V.2 |
| 504 ## - NOTA DE BIBLIOGRAFIA, ETC. [R] |
| Nota de bibliografía, etc. [NR] |
Incluye referencias bibliográficas |
| 505 1# - NOTA DE CONTENIDO CON FORMATO PREESTABLECIDO [R] |
| Nota de contenido con formato preestablecido [NR] |
V.1: Vida de Ovidio ; Heróidas, epístola 1 – 21 ; Los Amores, Libro 1 – 3 ; El arte de amar, Libros 1 – 3 ; Los remedios del amor ; "Afeites para la cara" (Maquillajes) ; Consolación a Livia Augusta ; Cartas de A Sabino respondiendo a otras tantas de Ovidio -- V.2: Las Metamorfosis: Libro 1 – 15 -- V.3: Los Fastos: Libro 1 – 6 ; Cinco Libros de las Tristes ; Epístolas desde el Ponto: Libro 1 – 4 ; A un ibis ; Fragmentos varios de Ovidio ; Catálogo de las principales ediciones de Ovidio |
| 506 ## - NOTA DE RESTRICCIONES DE ACCESO [R] |
| Condiciones de acceso [NR] |
Consulta en sala |
| 546 ## - NOTA DE IDIOMA [R] |
| Nota de idioma [NR] |
Texto en latín |
| 600 14 - ASIENTO SECUNDARIO DE MATERIA - NOMBRE PERSONAL [R] |
| Nombre personal [NR] |
Ovidio Nasón, Publio |
| Fechas asociadas con el nombre [NR] |
43 a. c. - 17 d. c. |
| Subdivisión de forma [R] |
Colecciones de escritos |
| 9 (RLIN) |
2514 |
| 650 #7 - ASIENTO SECUNDARIO DE MATERIA - TERMINO TEMATICO [R] |
| Término temático o nombre geográfico como elemento de entrada [NR] |
Literatura latina |
| Subdivisión general [R] |
Obras anteriores a 1800 |
| 9 (RLIN) |
37048 |
| 650 #7 - ASIENTO SECUNDARIO DE MATERIA - TERMINO TEMATICO [R] |
| Término temático o nombre geográfico como elemento de entrada [NR] |
Poesía latina |
| Subdivisión general [R] |
Obras anteriores a 1800 |
| 9 (RLIN) |
21826 |
| 650 #7 - ASIENTO SECUNDARIO DE MATERIA - TERMINO TEMATICO [R] |
| Término temático o nombre geográfico como elemento de entrada [NR] |
Literatura clásica |
| 9 (RLIN) |
18628 |
| 690 ## - ASUNTO AGREGADO LOCAL DE ENTRADA - TÉRMINO TEMÁTICO (OCLC, RLIN) |
| Acceso temático local |
Literatura Latina |
| 9 (RLIN) |
7796 |
| 856 ## - LOCALIZACION Y ACCESO ELECTRONICOS [R] |
| Nota dirigida al público [R] |
Disponible en línea V.3 |
| Identificador Uniforme del Recurso (“URI”) [R] |
<a href="http://books.google.com.co/books?id=PW4BAAAAYAAJ&printsec=frontcover&dq=P.+Ovidii+Nasonis+opera+quae+supersunt+1793&hl=es&sa=X&ei=YHBzU7XrKrbMsQSR5ICAAQ&ved=0CC4Q6AEwAA#v=onepage&q=P.%20Ovidii%20Nasonis%20opera%20quae%20supersunt%201793&f=false">http://books.google.com.co/books?id=PW4BAAAAYAAJ&printsec=frontcover&dq=P.+Ovidii+Nasonis+opera+quae+supersunt+1793&hl=es&sa=X&ei=YHBzU7XrKrbMsQSR5ICAAQ&ved=0CC4Q6AEwAA#v=onepage&q=P.%20Ovidii%20Nasonis%20opera%20quae%20supersunt%201793&f=false</a> |
| 942 ## - ELEMENTOS DE ENTRADA AGREGADOS (KOHA) |
| Tipo de ítem principal el descrito en 300a |
Libro |
| Tema principal |
18 |
| Edición |
1 |
| Sistema de clasificación |
LOCAL |
| Clasificación |
E07N022 |